<?xml version="1.0" encoding="UTF-8"?>
<collection xmlns="http://www.loc.gov/MARC21/slim">
 <record>
  <leader>01568nam a2200193Ia 4500</leader>
  <controlfield tag="001">TDMU_39512</controlfield>
  <controlfield tag="008">210410s9999    xx            000 0 und d</controlfield>
  <datafield tag="082" ind1=" " ind2=" ">
   <subfield code="a">511.313</subfield>
  </datafield>
  <datafield tag="090" ind1=" " ind2=" ">
   <subfield code="b">Đ116</subfield>
  </datafield>
  <datafield tag="100" ind1=" " ind2=" ">
   <subfield code="a">Đặng, Thị Lan</subfield>
  </datafield>
  <datafield tag="245" ind1=" " ind2="0">
   <subfield code="a">Nghiên cứu xử lý chì (pb2+) trong nước bằng vật liệu than biến tính được điều chế từ hạt muồng hoàng yến</subfield>
  </datafield>
  <datafield tag="245" ind1=" " ind2="0">
   <subfield code="c">Đặng Thị Lan; TS. Nguyễn Xuân Dũ (hướng dẫn)</subfield>
  </datafield>
  <datafield tag="260" ind1=" " ind2=" ">
   <subfield code="a">Bình Dương, 2019</subfield>
  </datafield>
  <datafield tag="300" ind1=" " ind2=" ">
   <subfield code="a">106Tr</subfield>
  </datafield>
  <datafield tag="520" ind1=" " ind2=" ">
   <subfield code="a">Chuyên ngành: Khoa học Môi trường ; Mã số: 8440301; Ý kiến về việc photo tài liệu: Đồng ý 50%; Ý kiến về việc đưa lên CSDL của TTHL đọc trực tuyến: Đồng ý; Ý kiến về việc đưa lên CSDL đọc trực tuyến: Đồng ý; TM tài liệu tham khảo sau tr.92-99; Luận văn Thạc sĩ. Trường đại học Thủ Dầu Một, 2019; Luận văn gồm có 3 chương: Chương 1. Tổng quan về cơ sở lý thuyết. Chương 2. Vật liệu, thiết  bị và phương pháp. Chương 3. Kết quả và thảo luận</subfield>
  </datafield>
  <datafield tag="650" ind1=" " ind2=" ">
   <subfield code="a">Luận văn; Môi trường</subfield>
   <subfield code="x">Xử lý chì</subfield>
   <subfield code="x">Vật liệu than biến tính</subfield>
   <subfield code="x">Muồng hoàng yến</subfield>
  </datafield>
  <datafield tag="700" ind1=" " ind2=" ">
   <subfield code="a">Nguyễn, Xuân Dũ</subfield>
  </datafield>
  <datafield tag="856" ind1=" " ind2=" ">
   <subfield code="u">http://lrc.tdmu.edu.vn/opac/search/detail.asp?aID=2&amp;ID=39512</subfield>
  </datafield>
  <datafield tag="980" ind1=" " ind2=" ">
   <subfield code="a">Trung tâm Học liệu Trường Đại học Thủ Dầu Một</subfield>
  </datafield>
 </record>
</collection>
